Servicios públicos domiciliarios : (Registro nro. 5920)
[ vista simple ]
| 000 -LEADER | |
|---|---|
| fixed length control field | 01110nam a2200229Ia 4500 |
| 003 - CONTROL NUMBER IDENTIFIER | |
| control field | OSt |
| 005 - DATE AND TIME OF LATEST TRANSACTION | |
| control field | 20200827160631.0 |
| 008 - FIXED-LENGTH DATA ELEMENTS--GENERAL INFORMATION | |
| fixed length control field | 191128s2002 ck ad gr 000 0 spa d |
| 040 ## - CATALOGING SOURCE | |
| Original cataloging agency | CO-JMCR |
| Transcribing agency | CO-JMCR |
| 041 0# - LANGUAGE CODE | |
| Language code of text/sound track or separate title | spa |
| 082 04 - DEWEY DECIMAL CLASSIFICATION NUMBER | |
| Classification number | 350.87 / |
| Item number | C637s |
| Edition number | 23 |
| 110 1# - MAIN ENTRY--CORPORATE NAME | |
| Corporate name or jurisdiction name as entry element | Colombia. |
| Subordinate unit | Contraloría General de la República |
| 9 (RLIN) | 6721 |
| 245 10 - TITLE STATEMENT | |
| Title | Servicios públicos domiciliarios : |
| Remainder of title | perspectivas desde la Contraloría General de la República con la participación de la ciudadanía / |
| Statement of responsibility, etc. | Contraloría General de la República |
| 260 ## - PUBLICATION, DISTRIBUTION, ETC. | |
| Place of publication, distribution, etc. | Bogotá : |
| Name of publisher, distributor, etc. | Contraloria General de la República, |
| Date of publication, distribution, etc. | 2002 |
| 300 ## - PHYSICAL DESCRIPTION | |
| Extent | 68 páginas ; |
| Other physical details | ilustraciones y gráficos a blanco y negro ; |
| Dimensions | 28 cm. |
| 505 0# - FORMATTED CONTENTS NOTE | |
| Formatted contents note | Resultados en el sector de energía -- Acueducto, Alcantarillado y aseo -- Servicios de telefonía básica conmutada -- Participación ciudadana |
| 650 14 - SUBJECT ADDED ENTRY--TOPICAL TERM | |
| Topical term or geographic name entry element | Sevicios públicos domiciliarios |
| Geographic subdivision | Colombia |
| 9 (RLIN) | 9392 |
| 650 14 - SUBJECT ADDED ENTRY--TOPICAL TERM | |
| Topical term or geographic name entry element | Servicios públicos |
| General subdivision | participación ciudadana |
| Geographic subdivision | Colombia |
| 9 (RLIN) | 9393 |
| 650 14 - SUBJECT ADDED ENTRY--TOPICAL TERM | |
| Topical term or geographic name entry element | Empresas estatales |
| Geographic subdivision | Colombia |
| 9 (RLIN) | 9394 |
| 650 14 - SUBJECT ADDED ENTRY--TOPICAL TERM | |
| Topical term or geographic name entry element | Servicios públicos |
| General subdivision | legislación |
| Geographic subdivision | Colombia |
| 9 (RLIN) | 9395 |
| 942 ## - ADDED ENTRY ELEMENTS (KOHA) | |
| Source of classification or shelving scheme | Dewey Decimal Classification |
| Koha item type | Books |
| Withdrawn status | Lost status | Source of classification or shelving scheme | Damaged status | Not for loan | Collection code | Home library | Current library | Date acquired | Source of acquisition | Full call number | Barcode | Date last seen | Copy number | Koha item type |
|---|---|---|---|---|---|---|---|---|---|---|---|---|---|---|
| Dewey Decimal Classification | Non-fiction | Biblioteca Pública José María del Castillo y Rada | Biblioteca Pública José María del Castillo y Rada | 04/15/2018 | Donación | 350.87 / C637s | 430009747 | 05/16/2024 | Ej.1 | Books |